| 000 | 01396nam a2200373 c 4500 | ||
|---|---|---|---|
| 999 |
_c143830 _d143830 |
||
| 003 | BLK | ||
| 005 | 20211026084607.0 | ||
| 008 | 180409b bul|||||r ||||||| ||bul|| | ||
| 010 | _aKNG00149974000 | ||
| 040 | _aBLK | ||
| 041 |
_aBUL _cBUL |
||
| 080 |
_aЦаревица _b633.15 _z633.15 |
||
| 100 | 1 |
_aБояджиев, Продан Е. _eпърви автор _9328113 |
|
| 139 |
_aБояджиев, Продан Е. и др. _bБ 73 |
||
| 245 | 1 | 0 |
_aМеханизирано отглеждане на царевицата _cПродан Е. Бояджиев; съавт. Христо Терзиев. |
| 257 | _aBGR | ||
| 260 |
_bЗемиздат _c1958 _aСофия |
||
| 300 |
_a58 с. _bс ил. _c20 см |
||
| 380 | _a63 | ||
| 500 | _a2 060 тир. - Библиогр. с. 56. | ||
| 650 | 4 |
_aСелско стопанство - механизация _9267809 |
|
| 650 | 4 |
_aЦаревица - агротехника _9303611 |
|
| 653 | _aзърнени култури | ||
| 653 | _aцаревица | ||
| 653 | _aотглеждане | ||
| 653 | _aагротехника | ||
| 653 | _aмеханизация | ||
| 700 | 1 |
_aТерзиев, Христо _eсъавт. _9328114 |
|
| 852 |
_aЦб 9674 _bО |
||
| 856 | 4 | _qpdf | |
| 856 | 4 | _qpdf | |
| 942 |
_cKNG _n0 _s1 |
||
| 944 |
_aCR _c28.08.2013 _l28.08.2013 - от С1,Р / 28.08.2013 _kКети_Илиева |
||
| 944 |
_aED _c28.08.2013 _l28.08.2013 - от С1,Р / 28.08.2013 |
||
| 944 |
_aED _c2021-10-26 _l2021-10-26 |
||
| 999 | _d143830 | ||